LEADER 01366nam a2200229 i 4500 001 000000149890 003 CaOOAMICUS 005 20060420000000.0 008 060420s2004 it s u000 u ita u 013 $a127222 040 $aSeMil$bita 100 1 $aComuzio, Ermanno.$0(OLS)http://semarc/name/7249 245 10$aMusicisti per lo schermo :$bdizionario ragionato dei compositori cinematografici. 260 $a[S.l.] :$bEnte dello Spettacolo,$ccopyr. 2004. 300 $a1 Cd-Rom :$bson. ;$c12 cm. 500 $aRequisiti del sistema: PC processore pentium 3. o superiore o Apple processore G3 o superiore, 32 MB RAM, Sistema operativo Windows 98 o superiore o Mac OS 10.1 o superiore, lettore CD-Rom, Scheda video 800x600- 256 colori o superiore, scheda audio, Flash Player 6 o superiore (il setup di installazione è presente all'interno del CD). 773 0 $aComuzio, Ermanno$tMusicisti per lo schermo.$d[Roma] : Ente dello Spettacolo, 2004.$z88-85095-23-2$w()15653 850 $aSeMil 852 $aSeMil$W1$xVenegono$y1$mSL1.C I 2/A$j234380$qCd-Rom in custodia$B102077$CSeMilBibl$Z2$F110687 $8I 961 $aOmaggio: Tettamanzi Card. Dionigi 996 $6245$aMusicisti per lo schermo :$bdizionario ragionato dei compositori cinematografici$9(OLS)http://semarc/title/219145 996 $6260$a[S.l.] :$bEnte dello Spettacolo$9(OLS)http://semarc/publisher/56295 LEADER 00846nam a2200205 i 4500 001 000000206880 003 CaOOAMICUS 005 20111014000000.0 008 111014s1866 it u000 u ita u 013 $a185654 040 $aSeMil$bita 100 1 $aZoncada, Antonio,$d<1813-1887>.$0(OLS)http://semarc/name/765 245 10$aCarlo Goldoni a Pavia :$bracconto storico /$cdi Antonio Zoncada. 250 $aEdizione a beneficio dei militi partiti per la guerra e delle famiglie loro. 260 $aPavia :$bEredi Bizzoni,$cpref. 1866. 300 $aVIII, 123 p. ;$c21 cm. 850 $aSeMil 852 $aSeMil$W1$xVenegono$y1$m1S V 15 FA$j157343$B157343$CSeMilBibl$Z2$F168635 $8I 996 $6245$aCarlo Goldoni a Pavia :$bracconto storico$9(OLS)http://semarc/title/299165 996 $6260$aPavia :$bEredi Bizzoni$9(OLS)http://semarc/publisher/38469